000 00788nam a2200265Ia 4500
003 OSt
005 20220930201559.0
006 a|||||r|||| 00| 0
007 ta
008 220926b |||||||| |||| 00| 0 hin d
024 _a74822
037 _cDissertations
040 _aCRL
_cCRL
_bhin
041 _2hin
_ahin
100 _aTripathi Rashmi
_9566003
110 _aUniversity of Delhi. Faculty of Arts. Department of Hindi
245 0 _aVinay patrika mein ittardev
260 _c1985
300 _a87p.
_ccm.
650 _aHINDI LITERATURE
_923866
700 _a Dr. Rama Nath Tripathi Gu.
_9566004
700 _aUniversity of Delhi. Faculty of Arts. Department of Hindi
942 _cDIS
_2CC
999 _c902129
_d902129